000 00683nam a2200289Ia 4500
005 20260324145218.0
008 008 260324s9999 xx 000 0 eng d
020 _a9780429270123
037 _aEBOOK
040 _aCRL
040 _beng
040 _cCRL
041 _2eng
041 _aeng
084 _qCRL
100 _aDavid N Farnsworth
_91222156
245 0 _aU.S.-Panama Relations, 1903-1978
245 2 _bA Study In Linkage Politics
260 _bTaylor and Francis
260 _c1984
365 _a
365 _b165
856 _uhttp://www.taylorfrancis.com/books/9780429270123
942 _cEBOOK
999 _c1829755
_d1829755